States and Power in Africa : (Record no. 14027)
[ view plain ]
| 000 -LEADER | |
|---|---|
| fixed length control field | 01261cam a22003254a 4500 |
| 001 - CONTROL NUMBER | |
| control field | 11767944 |
| 005 - DATE AND TIME OF LATEST TRANSACTION | |
| control field | 20160509113059.0 |
| 008 - FIXED-LENGTH DATA ELEMENTS--GENERAL INFORMATION | |
| fixed length control field | 990720s2000 njuab | b 001 0 eng d |
| 010 ## - LIBRARY OF CONGRESS CONTROL NUMBER | |
| LC control number | 99041736 |
| 020 ## - INTERNATIONAL STANDARD BOOK NUMBER | |
| International Standard Book Number | 9780691010281 |
| 020 ## - INTERNATIONAL STANDARD BOOK NUMBER | |
| International Standard Book Number | 0691010285 |
| 035 ## - SYSTEM CONTROL NUMBER | |
| System control number | (DLC) 99041736 |
| 040 ## - CATALOGING SOURCE | |
| Original cataloging agency | DLC |
| Transcribing agency | DLC |
| Modifying agency | DLC |
| 042 ## - AUTHENTICATION CODE | |
| Authentication code | pcc |
| 043 ## - GEOGRAPHIC AREA CODE | |
| Geographic area code | f------ |
| 050 00 - LIBRARY OF CONGRESS CALL NUMBER | |
| Classification number | JQ1875 |
| Item number | .H47 2000 |
| 082 00 - DEWEY DECIMAL CLASSIFICATION NUMBER | |
| Edition number | 21 |
| Classification number | 303.3096 |
| Item number | HER |
| 100 1# - MAIN ENTRY--PERSONAL NAME | |
| Personal name | Herbst, Jeffrey Ira. |
| 9 (RLIN) | 14394 |
| 245 10 - TITLE STATEMENT | |
| Title | States and Power in Africa : |
| Remainder of title | Comparative Lessons in Authority and Control / |
| Statement of responsibility, etc | Jeffrey Herbst. |
| 260 ## - PUBLICATION, DISTRIBUTION, ETC. (IMPRINT) | |
| Place of publication, distribution, etc | Princeton, N.J. : |
| Name of publisher, distributor, etc | Princeton University Press, |
| Date of publication, distribution, etc | c2000. |
| 300 ## - PHYSICAL DESCRIPTION | |
| Extent | x, 280 p. : |
| Other physical details | ill. map ; |
| Dimensions | 24 cm. |
| 440 #0 - | |
| -- | Princeton studies in international history and politics |
| -- | 14395 |
| 504 ## - BIBLIOGRAPHY, ETC. NOTE | |
| Bibliography, etc | Includes bibliographical references and index. |
| 650 #0 - SUBJECT ADDED ENTRY--TOPICAL TERM | |
| Topical term or geographic name as entry element | Power (Social sciences) |
| Geographic subdivision | Africa. |
| 9 (RLIN) | 14396 |
| 651 #0 - SUBJECT ADDED ENTRY--GEOGRAPHIC NAME | |
| 9 (RLIN) | 14397 |
| Geographic name | Africa |
| General subdivision | Politics and government |
| 856 41 - ELECTRONIC LOCATION AND ACCESS | |
| Materials specified | Table of contents |
| Uniform Resource Identifier | <a href="http://www.loc.gov/catdir/toc/prin032/99041736.html">http://www.loc.gov/catdir/toc/prin032/99041736.html</a> |
| 856 42 - ELECTRONIC LOCATION AND ACCESS | |
| Materials specified | Publisher description |
| Uniform Resource Identifier | <a href="http://www.loc.gov/catdir/description/prin021/99041736.html">http://www.loc.gov/catdir/description/prin021/99041736.html</a> |
| 942 ## - ADDED ENTRY ELEMENTS (KOHA) | |
| Source of classification or shelving scheme | Dewey Decimal Classification |
| Item type | Book - Borrowing |
| Withdrawn status | Item status | Source of classification or shelving scheme | Damaged status | Not for loan | Vendor | Home library | Current library | Shelving location | Date acquired | Source of acquisition | Cost, normal purchase price | Serial Enumeration / chronology | Total Checkouts | Total Renewals | Full call number | Barcode | Date last seen | Date last borrowed | Koha item type |
|---|---|---|---|---|---|---|---|---|---|---|---|---|---|---|---|---|---|---|---|
| Dewey Decimal Classification | Baccah | Central Library | Central Library | First floor | 30/05/2010 | 139.00 | 10322 | 3 | 1 | 303.3096 HER | 000020871 | 15/07/2025 | 26/01/2014 | Book - Borrowing |